000 01217cam a2200241 4500
001 ##J125630
008 040329n2003 000 0 eng u
035 _a(Sirsi) u125630
041 0 _aeng
050 0 4 _a690.0285 $2 18
100 1 _aBreetzke, Keith
245 0 0 _aProject extranets and e-procurement
_buser perspectives
_h[electronic resource]
260 _aLondon
_bRICS
_c2003
300 _a16p.
_c30cm.
490 0 _aRICS Quantity Surveying and Construction Faculty Feature
520 _aThis report investigates the user perspective and experiences relating to the popular range of web-enabled extranets and e-procurement products currently available to the construction industry. The report contains the responses of 12 firms to a research questionnaire that asked questions relating to various aspects of extranets such as ease of use, estimates of savings and security.
651 4 _aEngland and Wales
_y1543-
690 _aProcurement
_96260
700 1 _aHawkins, Martin
710 2 _aRoyal Institution of Chartered Surveyors
_bConstruction Faculty
_94214
856 4 1 _uhttps://www.rics.org/Global/Downloads/ProjectExtranetsE-procurement.pdf
_zView the report on the RICS website...
942 _n0
999 _c103446
_d103446